[Event "ICS rated blitz match"]
[Site "204.178.125.65"]
[Date "2000.04.01"]
[Round "?"]
[White "undertaker1"]
[Black "Hossa"]
[Result "1/2-1/2"]
[WhiteElo "2626"]
[BlackElo "2372"]
[PlyCount "218"]

1. e4 e5 2. Nf3 Nc6 3. Bb5 a6 4. Ba4 Nf6 5. O-O Be7 6. Re1 b5 7. Bb3 d6 8. c3
O-O 9. h3 Bb7 10. d4 Re8 11. Nbd2 Bf8 12. a3 h6 13. Bc2 Nb8 14. b4 Nbd7 15. Bb2
g6 16. c4 exd4 17. cxb5 axb5 18. Nxd4 c6 19. a4 bxa4 20. Bxa4 Ra6 21. N4b3 Qb6
22. Qf3 Bg7 23. Bc3 Rea8 24. Nc4 Qc7 25. Nca5 Nh5 26. Bxg7 Nxg7 27. Qe3 g5 28.
Rec1 Ne5 29. Bb5 Rb6 30. Nd4 Qd7 31. Be2 Re8 32. Nf5 Rxb4 33. Nxh6+ Kh7 34.
Rcb1 Rxb1+ 35. Rxb1 Bc8 36. Qxg5 Qe7 37. Qxe7 Rxe7 38. Rb8 Rc7 39. f4 Ng6 40.
Nxf7 Nxf4 41. Bf1 d5 42. Nd6 Be6 43. Rb6 Ngh5 44. Rxc6 Rxc6 45. Nxc6 dxe4 46.
Kf2 Nf6 47. Nb4 Bb3 48. Ke3 Ne6 49. Nxe4 Nxe4 50. Bd3 Kg7 51. Bxe4 Nc7 52. g4
Ne8 53. Kf4 Nc7 54. h4 Nb5 55. h5 Nc3 56. Bf3 Bc4 57. g5 Bf7 58. g6 Bxg6 59.
hxg6 Kxg6 60. Ke5 Kg5 61. Nc6 Kg6 62. Ke6 Kg5 63. Nd8 Kf4 64. Ba8 Nb5 65. Ke7
Nd4 66. Bb7 Ke3 67. Kf8 Nf5 68. Ba8 Kd3 69. Kg8 Kd4 70. Kh8 Ke5 71. Nc6+ Kf6
72. Nb8 Ke7 73. Bb7 Nd4 74. Kg8 Kd6 75. Na6 Nc6 76. Ba8 Ne5 77. Kh7 Nd3 78. Kh8
Nf4 79. Bb7 Nd3 80. Bh1 Ke5 81. Nb8 Kf6 82. Nc6 Ne5 83. Na7 Ng6+ 84. Kh7 Ne7
85. Nb5 Ng6 86. Bg2 Nf4 87. Ba8 Ne6 88. Kg8 Ke7 89. Bg2 Nf4 90. Bb7 Ke6 91. Kh8
Kf7 92. Na7 Kf6 93. Kh7 Ke5 94. Kh8 Kf6 95. Nc8 Ke6 96. Kg8 Ng6 97. Nb6 Nf4 98.
Na8 Nd5 99. Bc8+ Kd6 100. Bh3 Kc6 101. Bg2 Kd6 102. Kh8 Ke5 103. Bf3 Kd4 104.
Bh5 Kc5 105. Be2 Kb4 106. Kg7 Kc5 107. Ba6 Nc7 108. Nxc7 Kb6 109. Ne8 Kxa6
1/2-1/2

[Event "ICS rated blitz match"]
[Site "204.178.125.65"]
[Date "2000.04.01"]
[Round "?"]
[White "PostModernist"]
[Black "Hossa"]
[Result "1/2-1/2"]
[WhiteElo "2667"]
[BlackElo "2382"]
[PlyCount "148"]

1. e4 e5 2. d4 exd4 3. c3 dxc3 4. Bc4 cxb2 5. Bxb2 d5 6. Bxd5 Nf6 7. Bxf7+ Kxf7
8. Qxd8 Bb4+ 9. Qd2 Bxd2+ 10. Nxd2 Re8 11. Ngf3 Nc6 12. O-O Bg4 13. Rfe1 Kg8
14. Rab1 Rab8 15. e5 Nd5 16. a3 Rbd8 17. Ba1 Nb6 18. h3 Bxf3 19. Nxf3 Rd3 20.
Bb2 Nc4 21. a4 Rb3 22. Ba1 Rxb1 23. Rxb1 Nb6 24. Kh2 Rb8 25. Ng5 Nxa4 26. Ne6
Nb6 27. Nxc7 Nd7 28. e6 Nc5 29. Re1 Kf8 30. Bd4 Nxd4 31. e7+ Kf7 32. e8=Q+ Rxe8
33. Rxe8 a5 34. Rd8 Nde6 35. Rd5 b6 36. Na8 Na4 37. Rd7+ Kf6 38. Rd1 b5 39. Rd6
Nac5 40. Nc7 b4 41. Nxe6 Nxe6 42. Ra6 Ke5 43. Rxa5+ Kd4 44. Rb5 Kc4 45. Rb6 Nd4
46. Rb8 b3 47. Rc8+ Kb4 48. Rd8 Nc6 49. Rd6 Na5 50. Rd1 b2 51. Kg3 Kc3 52. Kf4
Kc2 53. Rf1 Nb3 54. f3 Nd2 55. Re1 Kc3 56. Ke5 b1=Q 57. Rxb1 Nxb1 58. Ke6 g6
59. f4 Kd4 60. f5 gxf5 61. Kxf5 Nd2 62. Kg5 Ne4+ 63. Kh6 Ng3 64. Kxh7 Ke3 65.
h4 Kf4 66. Kh8 Nf5 67. h5 Nh6 68. g4 Nf7+ 69. Kg8 Ng5 70. Kh8 Kg3 71. h6 Nf7+
72. Kh7 Kh4 73. Kg7 Nxh6 74. Kxh6 Kxg4 1/2-1/2

[Event "ICS rated standard match"]
[Site "204.178.125.65"]
[Date "2000.04.01"]
[Round "?"]
[White "QueenMaxima"]
[Black "Hossa"]
[Result "1/2-1/2"]
[WhiteElo "2266"]
[BlackElo "2324"]
[PlyCount "179"]

1. d4 Nf6 2. c4 e6 3. Nc3 Bb4 4. e3 O-O 5. Bd3 d5 6. Nf3 dxc4 7. Bxc4 c5 8. O-O
cxd4 9. exd4 Nbd7 10. Bg5 a6 11. Qc2 Qc7 12. Bd3 Bd6 13. Rac1 a5 14. Nb5 Qxc2
15. Rxc2 Be7 16. Rfc1 Nb6 17. Be4 Rb8 18. Bxf6 gxf6 19. Kh1 Bd7 20. Nc3 Rfc8
21. d5 Rd8 22. dxe6 fxe6 23. Ne2 f5 24. Bd3 Ba4 25. Rd2 Bf8 26. Bb1 Rxd2 27.
Nxd2 Bg7 28. b3 Bc6 29. Nf1 Rd8 30. Ne3 Bh6 31. Rd1 Rxd1+ 32. Nxd1 Kf7 33. Ndc3
Kf6 34. f4 Nd5 35. Nxd5+ exd5 36. Bd3 Bd7 37. Kg1 Bf8 38. Kf1 Bc5 39. Nc3 Bc6
40. Nb5 d4 41. g3 Be4 42. Ke2 h5 43. a3 Ke6 44. Bc4+ Kd7 45. Kd2 Kc6 46. Bf1
Kb6 47. Bc4 Bg2 48. Kd3 Bf1+ 49. Kc2 Bh3 50. b4 axb4 51. axb4 Bxb4 52. Nxd4 Kc5
53. Kb3 Kxd4 54. Kxb4 Bg4 55. Kb3 Ke3 56. Kc2 Kf2 57. Kd2 Kg1 58. Ke1 Kxh2 59.
Kf2 h4 60. gxh4 Kh3 61. Ke3 Kxh4 62. Kd4 Kh5 63. Ke5 Kg6 64. Bd3 Bh3 65. Bb5 b6
66. Be8+ Kg7 67. Kd6 Bf1 68. Kc6 b5 69. Kc5 Bd3 70. Bxb5 Bxb5 71. Kxb5 Kf6 72.
Kc4 Ke6 73. Kd4 Kd6 74. Kc4 Ke6 75. Kc5 Kf6 76. Kd5 Kg6 77. Ke5 Kg7 78. Kxf5
Kf7 79. Ke5 Ke7 80. f5 Kf7 81. f6 Kf8 82. Kd5 Kf7 83. Kd6 Kf8 84. Kd5 Kf7 85.
Kd6 Kf8 86. Ke5 Kf7 87. Kf5 Kf8 88. Ke6 Ke8 89. f7+ Kf8 90. Kf6 1/2-1/2

[Event "ICS Rated blitz match"]
[Site "204.178.125.65"]
[Date "2000.04.01"]
[Round "?"]
[White "Hossa"]
[Black "hipopotamo"]
[Result "1/2-1/2"]
[WhiteElo "2393"]
[BlackElo "2245"]
[PlyCount "141"]

1. e4 c5 2. Nf3 d6 3. d4 cxd4 4. Nxd4 Nf6 5. Nc3 a6 6. Bg5 e6 7. f4 Be7 8. Qf3
Nc6 9. O-O-O Qc7 10. Nxc6 Qxc6 11. e5 Qxf3 12. gxf3 dxe5 13. fxe5 Nd7 14. Bf4
h5 15. Ne4 f6 16. exf6 gxf6 17. Bc7 Kf7 18. Kb1 b5 19. Rg1 Ra7 20. Bf4 e5 21.
Be3 Rc7 22. Bh3 Nc5 23. Bxc5 Bxc5 24. Nxc5 Rxc5 25. Bxc8 Rhxc8 26. c3 R8c7 27.
Rd8 Ke6 28. Rh8 Rd5 29. Kc2 b4 30. Rgg8 bxc3 31. bxc3 Rdc5 32. Re8+ Kf5 33.
Rxh5+ Kg6 34. Rh3 Rxc3+ 35. Kb2 Rc2+ 36. Kb1 Rf2 37. Rg8+ Kf5 38. a4 Rb7+ 39.
Kc1 Rb3 40. Rh5+ Ke6 41. Ra8 Ra3 42. Rxa6+ Kd5 43. Rb6 Raxf3 44. Rb5+ Kc4 45.
Rh7 Rg2 46. Rc7+ Kd4 47. Rd7+ Ke4 48. Rb4+ Kf5 49. h4 Rc3+ 50. Kb1 Rh3 51. Rd1
Rhh2 52. Rf1+ Kg6 53. Rc4 Rb2+ 54. Kc1 Ra2 55. Kb1 Rae2 56. Kc1 e4 57. Rc6 Ref2
58. Rxf2 Rxf2 59. a5 e3 60. Re6 Ra2 61. Rxe3 Rxa5 62. h5+ Kxh5 63. Kd1 Ra2 64.
Rh3+ Kg4 65. Re3 Kf4 66. Rh3 f5 67. Ke1 Kg4 68. Re3 Kf4 69. Rh3 Ra1+ 70. Kf2
Ra2+ 71. Ke1 1/2-1/2

[Event "ICS rated standard match"]
[Site "204.178.125.65"]
[Date "2000.04.01"]
[Round "?"]
[White "Hossa"]
[Black "prg3"]
[Result "1/2-1/2"]
[WhiteElo "2332"]
[BlackElo "2199"]
[PlyCount "81"]

1. e4 e5 2. Nf3 Nc6 3. Bb5 a6 4. Ba4 Nf6 5. O-O Be7 6. Re1 b5 7. Bb3 d6 8. c3
O-O 9. h3 Bb7 10. d4 Re8 11. Nbd2 Bf8 12. a4 h6 13. Bc2 g6 14. d5 Nb8 15. axb5
axb5 16. Rxa8 Bxa8 17. Qe2 c6 18. dxc6 Bxc6 19. Rd1 Nbd7 20. b3 Qc7 21. Bd3 Qb7
22. Bb1 Nc5 23. Re1 Qa8 24. b4 Na4 25. Qd3 Qb7 26. c4 bxc4 27. Qxc4 d5 28. exd5
Bxd5 29. Qc2 Qxb4 30. Nxe5 Be4 31. Rxe4 Nxe4 32. Nxf7 Kxf7 33. Nxe4 Qe1+ 34.
Kh2 Rxe4 35. Qxe4 Bd6+ 36. f4 Qxc1 37. Qxg6+ Ke7 38. Qe4+ Kd8 39. Qa8+ Ke7 40.
Qe4+ Kd8 41. Qa8+ 1/2-1/2

[Event "ICS rated blitz match"]
[Site "204.178.125.65"]
[Date "2000.04.02"]
[Round "?"]
[White "HLP"]
[Black "Hossa"]
[Result "1/2-1/2"]
[WhiteElo "2141"]
[BlackElo "2365"]
[PlyCount "84"]

1. d4 d5 2. c4 c6 3. Nf3 Nf6 4. Nc3 e6 5. cxd5 exd5 6. Bg5 Be7 7. e3 Be6 8. Bd3
Nbd7 9. Qc2 O-O 10. O-O h6 11. Bh4 Qc7 12. Rac1 Rfe8 13. Bg3 Qc8 14. h3 Bb4 15.
a3 Bxc3 16. Qxc3 Ne4 17. Bxe4 dxe4 18. Nd2 Bd5 19. b4 Qd8 20. a4 Rc8 21. Nc4
Bxc4 22. Qxc4 Nb6 23. Qb3 Qd5 24. Qc2 Qf5 25. Ra1 Nd5 26. Rab1 Ra8 27. b5 Rac8
28. bxc6 Rxc6 29. Qb2 Rb6 30. Qa3 Qd7 31. Rxb6 Nxb6 32. a5 Nd5 33. Rc1 Qb5 34.
Qc5 Qb2 35. Kh2 b6 36. axb6 axb6 37. Qc6 Rd8 38. Rc2 Qb1 39. Rc1 Qb2 40. Rc2
Qb1 41. Rc1 Qb2 42. Rc2 Qb1 1/2-1/2

[Event "ICS rated standard match"]
[Site "204.178.125.65"]
[Date "2000.04.02"]
[Round "?"]
[White "Hossa"]
[Black "star"]
[Result "1/2-1/2"]
[WhiteElo "2326"]
[BlackElo "2578"]
[PlyCount "195"]

1. d4 d5 2. c4 e6 3. Nc3 Nf6 4. Bg5 Nbd7 5. e3 c6 6. Nf3 Bb4 7. cxd5 cxd5 8.
Nd2 Qa5 9. Qc2 Ne4 10. Ndxe4 dxe4 11. Bh4 Nb6 12. a3 Nd5 13. Bc4 Bxc3+ 14. bxc3
Qxc3+ 15. Qxc3 Nxc3 16. Kd2 Na4 17. Bb3 Nb6 18. Bc2 f5 19. Bb3 O-O 20. Rac1 Re8
21. Rhg1 Bd7 22. Rc7 Bc6 23. g4 fxg4 24. Rxg4 g6 25. Bf6 Nd7 26. Bg5 a5 27. Ke1
a4 28. Ba2 Ra5 29. Bb1 Nb6 30. Ba2 Rb5 31. Bf4 Rb2 32. Be5 Bd7 33. Bc4 Nxc4 34.
Rxc4 Bc6 35. Rc1 Rf8 36. Rf4 Rxf4 37. Bxf4 Kf7 38. Be5 Ra2 39. Bd6 Ke8 40. Kf1
Kd7 41. Bf8 g5 42. Kg2 Bd5 43. h3 h5 44. Bb4 b6 45. h4 g4 46. Kg1 Re2 47. Kg2
Rb2 48. Bf8 Bb3 49. Bb4 Ra2 50. Kf1 Bc2 51. Kg2 Bd3 52. Kg3 Be2 53. Bf8 Rd2 54.
Rb1 Ke8 55. Bd6 b5 56. Rc1 Bc4 57. Bb4 Rb2 58. Bd6 Kf7 59. Kg2 Kf6 60. Be5+ Kf5
61. Kg3 Rd2 62. Bd6 Ra2 63. Kg2 Kg6 64. Bb4 Re2 65. Bd6 Kf6 66. Kg3 Kf5 67. Bf4
Ra2 68. Bd6 Rd2 69. Kg2 Kf6 70. Kg1 Kf7 71. Bb4 Rb2 72. Bd6 Ke8 73. Kg2 Ra2 74.
Kg1 Kd7 75. Bb4 Kc6 76. Kg2 Kd5 77. Kg1 e5 78. dxe5 Kxe5 79. Kg2 Ke6 80. Rd1
Bd3 81. Rc1 Bc2 82. Bc3 Kd5 83. Bb4 Kc4 84. Kg3 Kb3 85. Kf4 Kb2 86. Re1 Rxa3
87. Bxa3+ Kxa3 88. Kg5 Kb2 89. Kxh5 a3 90. Kg6 a2 91. h5 Bb1 92. Re2+ Bc2 93.
Re1 g3 94. fxg3 Bb1 95. Re2+ Bc2 96. Re1 Bb1 97. Re2+ Bc2 98. Re1 1/2-1/2

[Event "ICS rated blitz match"]
[Site "204.178.125.65"]
[Date "2000.04.02"]
[Round "?"]
[White "j724"]
[Black "Hossa"]
[Result "0-1"]
[WhiteElo "2098"]
[BlackElo "2356"]
[PlyCount "76"]

1. d4 d5 2. Nf3 Nf6 3. Bf4 Bf5 4. e3 e6 5. Nbd2 Nbd7 6. Be2 Bd6 7. Ne5 h6 8. c4
dxc4 9. Ndxc4 Bb4+ 10. Nd2 Nd5 11. Bg3 Nxe5 12. Bxe5 O-O 13. a3 Bxd2+ 14. Qxd2
c6 15. O-O Qe7 16. Bf3 Nb6 17. Rac1 Nd7 18. Bg3 Nf6 19. Bh4 g5 20. Bg3 g4 21.
Be2 Ne4 22. Qa5 Rfc8 23. Bf4 Qf8 24. f3 gxf3 25. Bxf3 Qg7 26. Qe1 Ng5 27. Kh1
Bd3 28. Rg1 Rd8 29. Qg3 f6 30. h4 Ne4 31. Qe1 e5 32. Bh2 exd4 33. exd4 Rxd4 34.
Qe3 f5 35. g4 fxg4 36. Rxg4 Nf2+ 37. Qxf2 Rxg4 38. Qe3 Bc4 0-1

[Event "ICS rated blitz match"]
[Site "204.178.125.65"]
[Date "2000.04.02"]
[Round "?"]
[White "Hossa"]
[Black "AnatKarp"]
[Result "1-0"]
[WhiteElo "2362"]
[BlackElo "2460"]
[PlyCount "135"]

1. e4 d5 2. exd5 Qxd5 3. Nc3 Qd8 4. Nf3 Bf5 5. Bb5+ c6 6. Bc4 b5 7. Bb3 e6 8.
O-O a5 9. a4 b4 10. Ne2 Bd6 11. Ned4 Bg6 12. Re1 Bc5 13. Ne2 Ne7 14. d4 Bd6 15.
Bf4 O-O 16. Qd2 Nd5 17. Bxd6 Qxd6 18. Ne5 Nd7 19. Nxg6 fxg6 20. Ng3 Qe7 21. Qe2
Rae8 22. Ne4 N7b6 23. Nc5 Qf6 24. Rad1 Rf7 25. g3 Rfe7 26. f4 Qf5 27. Ra1 Qf7
28. Rac1 Qf5 29. c4 Nf6 30. Qg2 Nfd7 31. Ne4 Rf8 32. Rcd1 Nc8 33. c5 Rfe8 34.
Qe2 Nf8 35. Qa6 Rc7 36. Qxa5 Rb7 37. Qa6 Rc7 38. Nd6 Nxd6 39. cxd6 Rd7 40. Qxc6
Qf6 41. d5 e5 42. Re4 g5 43. fxe5 Rxe5 44. Rf1 Rxe4 45. Rxf6 gxf6 46. Kf2 Re8
47. Qb6 h5 48. Qxb4 Red8 49. a5 Ng6 50. Bc2 Ne5 51. Bf5 Rxd6 52. Kg2 Rxd5 53.
Be6+ Kg7 54. Bxd5 Rxd5 55. Qe7+ Kg6 56. Qe8+ Kg7 57. a6 Rd2+ 58. Kf1 Rd1+ 59.
Ke2 Rd7 60. b4 Ra7 61. b5 h4 62. b6 Rxa6 63. Qe7+ Kg6 64. Qa7 Rxa7 65. bxa7 h3
66. a8=Q g4 67. Qg8+ Kf5 68. Qh7+ 1-0

[Event "ICS rated blitz match"]
[Site "204.178.125.65"]
[Date "2000.04.02"]
[Round "?"]
[White "AnatKarp"]
[Black "Hossa"]
[Result "1-0"]
[WhiteElo "2440"]
[BlackElo "2382"]
[PlyCount "115"]

1. e4 e5 2. Nf3 Nc6 3. d4 exd4 4. Nxd4 Nf6 5. Nxc6 bxc6 6. Bd3 d5 7. exd5 cxd5
8. O-O Be7 9. Re1 O-O 10. Nc3 Rb8 11. Nb5 Rb7 12. Nd4 c5 13. Nc6 Qd6 14. Nxe7+
Rxe7 15. Rxe7 Qxe7 16. Qe2 Qd6 17. Qf3 Re8 18. Be3 Qb8 19. b3 Qe5 20. Rb1 Qc7
21. h3 Bb7 22. Qf4 Qe7 23. Bb5 Rd8 24. Re1 Ne4 25. f3 a6 26. Bd3 Nd6 27. Qg3
Qc7 28. Bf4 g6 29. Qg5 c4 30. bxc4 dxc4 31. Bxc4 Rf8 32. Bb3 Qb6+ 33. Be3 Qc7
34. Bd4 Nf5 35. Bf6 Qc5+ 36. Kh2 Qf2 37. Re5 Nd4 38. Bxf7+ Rxf7 39. Re8+ Rf8
40. Rxf8+ Kxf8 41. Qc5+ Kg8 42. Qc4+ Kf8 43. Qb4+ Kg8 44. Bxd4 Qh4 45. Qb3+ Kf8
46. Bc5+ Qe7 47. Bxe7+ Kxe7 48. Qxb7+ Kd6 49. Qxh7 a5 50. Qxg6+ Kc5 51. h4 a4
52. h5 Kd5 53. h6 Kc5 54. h7 a3 55. h8=Q Kd5 56. Qd8+ Kc5 57. Qgb6+ Kc4 58.
Qdd4# 1-0

[Event "ICS rated blitz match"]
[Site "204.178.125.65"]
[Date "2000.04.02"]
[Round "?"]
[White "Hossa"]
[Black "janderson"]
[Result "0-1"]
[WhiteElo "2369"]
[BlackElo "2218"]
[PlyCount "94"]

1. e4 e6 2. d4 d5 3. Nc3 Bb4 4. e5 Ne7 5. a3 Bxc3+ 6. bxc3 c5 7. Nf3 b6 8. Bg5
Ba6 9. Bxa6 Nxa6 10. O-O c4 11. Qb1 O-O 12. g3 Rb8 13. Qd1 Nc7 14. a4 a6 15.
Rb1 h6 16. Bxe7 Qxe7 17. Qd2 a5 18. Ra1 b5 19. Ra2 bxa4 20. Rxa4 Rb5 21. Rfa1
Ra8 22. Qc1 Ra6 23. Rb1 Qd7 24. Ra2 a4 25. Rb4 Rxb4 26. cxb4 Nb5 27. c3 a3 28.
Nh4 Ra8 29. Qd2 Qa7 30. Nf3 Qa4 31. Ra1 Qb3 32. Kg2 Nxc3 33. Ng1 Qb2 34. Qc1
Ra4 35. Qe1 a2 36. Nf3 Nb1 37. Rxa2 Rxa2 38. b5 Nc3 39. Kh3 Ne4 40. Qf1 Nxf2+
41. Kg2 Ng4+ 42. Kh3 Qc2 43. Kxg4 Qf5+ 44. Kh4 g5+ 45. Kh5 g4+ 46. Kh4 Rxh2+
47. Nxh2 Qg5# 0-1

[Event "ICS rated blitz match"]
[Site "204.178.125.65"]
[Date "2000.04.02"]
[Round "?"]
[White "Hossa"]
[Black "SalovS"]
[Result "1-0"]
[WhiteElo "2346"]
[BlackElo "2369"]
[PlyCount "67"]

1. e4 c5 2. Nf3 e6 3. d4 cxd4 4. Nxd4 a6 5. Nc3 Qc7 6. Be2 b5 7. O-O Bb7 8. Bf3
d6 9. a4 b4 10. Na2 Nf6 11. Nxb4 d5 12. e5 Qxe5 13. Re1 Qc7 14. Nxe6 fxe6 15.
Nxd5 Nxd5 16. Bxd5 Be7 17. Rxe6 Bxd5 18. Qxd5 Ra7 19. Be3 Rb7 20. Bc5 Qd7 21.
Rxe7+ Qxe7 22. Bxe7 Rxe7 23. Qb3 Nc6 24. Qb6 Nd8 25. Qxa6 O-O 26. Qc4+ Kh8 27.
b4 Ne6 28. a5 Nf4 29. b5 Ne2+ 30. Kf1 Rfe8 31. f3 Re3 32. a6 Rc3 33. Qf7 Rcc8
34. a7 1-0

[Event "ICS rated blitz match"]
[Site "204.178.125.65"]
[Date "2000.04.02"]
[Round "?"]
[White "SalovS"]
[Black "Hossa"]
[Result "0-1"]
[WhiteElo "2329"]
[BlackElo "2363"]
[PlyCount "72"]

1. e4 e5 2. Nf3 Nc6 3. Bb5 a6 4. Ba4 Nf6 5. O-O Be7 6. Qe2 b5 7. Bb3 O-O 8. c3
d6 9. d3 Bg4 10. h3 Bxf3 11. Qxf3 a5 12. a4 b4 13. Nd2 bxc3 14. bxc3 Qb8 15.
Bc4 Qb7 16. Rb1 Qc8 17. Re1 Rb8 18. Ra1 Rb6 19. Nf1 Qb7 20. Ng3 Bd8 21. Nf5 Ne7
22. Nh6+ gxh6 23. Qxf6 d5 24. Qxe5 dxc4 25. d4 Qa6 26. d5 Ng6 27. Qg3 h5 28.
Be3 Rb2 29. Bd4 Bf6 30. e5 Bh4 31. Qf3 Qb7 32. g3 Be7 33. Qe4 Rd8 34. e6 Qxd5
35. exf7+ Qxf7 36. Re3 Qxf2+ 0-1

[Event "ICS rated standard match"]
[Site "204.178.125.65"]
[Date "2000.04.02"]
[Round "?"]
[White "expert101"]
[Black "Hossa"]
[Result "1/2-1/2"]
[WhiteElo "2130"]
[BlackElo "2336"]
[PlyCount "154"]

1. e4 e5 2. Nf3 Nc6 3. Bb5 a6 4. Ba4 Nf6 5. O-O Be7 6. Re1 b5 7. Bb3 d6 8. h3
O-O 9. c3 Na5 10. Bc2 c5 11. d4 cxd4 12. cxd4 exd4 13. Nxd4 Be6 14. Nxe6 fxe6
15. Nc3 Qc7 16. Ne2 Rac8 17. Nd4 Qd7 18. Bb3 Nxb3 19. Qxb3 Rc4 20. e5 Rxd4 21.
exf6 Rxf6 22. Bg5 Rg6 23. Bxe7 Qxe7 24. Rac1 Qb7 25. g3 Qd7 26. Rc2 d5 27. Rce2
Ra4 28. a3 Rh4 29. Kh2 Rh5 30. Re5 Rxe5 31. Rxe5 Qd6 32. Qc3 d4 33. Qc8+ Qf8
34. Qxf8+ Kxf8 35. Re4 e5 36. Rxe5 Rd6 37. Re2 d3 38. Rd2 a5 39. Kg2 g5 40. Kf3
b4 41. axb4 axb4 42. Ke3 Re6+ 43. Kxd3 Rd6+ 44. Kc2 Re6 45. Kb3 Re4 46. Rd5 h6
47. Rd3 Kf7 48. Rf3+ Kg6 49. Re3 Rd4 50. g4 Rd2 51. Rf3 h5 52. gxh5+ Kxh5 53.
Rf6 Re2 54. f4 Re3+ 55. Kxb4 Re4+ 56. Kc5 Rxf4 57. Rd6 Rf3 58. b4 Rc3+ 59. Kd4
Rxh3 60. b5 g4 61. b6 g3 62. Rd5+ Kg4 63. Rd8 g2 64. Rg8+ Kf3 65. b7 Rh8 66.
b8=Q g1=Q+ 67. Rxg1 Rxb8 68. Kd5 Kf4 69. Re1 Kg4 70. Rf1 Kh4 71. Rg1 Kh5 72.
Kd6 Kh6 73. Kc7 Re8 74. Kd7 Rf8 75. Ke7 Rh8 76. Rh1+ Kg7 77. Rxh8 Kxh8 1/2-1/2

[Event "ICS rated blitz match"]
[Site "204.178.125.65"]
[Date "2000.04.02"]
[Round "?"]
[White "prg3"]
[Black "Hossa"]
[Result "0-1"]
[WhiteElo "2069"]
[BlackElo "2382"]
[PlyCount "120"]

1. d4 d5 2. c4 e6 3. Nc3 Nf6 4. cxd5 exd5 5. Bg5 Be7 6. e3 O-O 7. Bd3 c6 8.
Nge2 Ng4 9. h4 Nd7 10. Nf4 Ndf6 11. Qf3 h6 12. Bxf6 Nxf6 13. Nh5 Be6 14. g3
Nxh5 15. Qxh5 Re8 16. O-O-O Qc8 17. Qe2 c5 18. dxc5 Bxc5 19. Kb1 Bg4 20. Qd2
Bxd1 21. Rxd1 Bb4 22. Rc1 Qe6 23. Bc2 Rac8 24. Bb3 Bxc3 25. Rxc3 Rxc3 26. Qxc3
Qe4+ 27. Qc2 Qg2 28. a3 Qe4 29. Ka2 Qxc2 30. Bxc2 Rd8 31. Kb3 Rd6 32. Kc3 Rf6
33. f4 Rc6+ 34. Kd2 Kf8 35. g4 Ke7 36. g5 h5 37. Bd1 g6 38. Bf3 Ke6 39. Bg2 Rc7
40. Bf3 a5 41. Bg2 Kd6 42. Bf3 b6 43. Bg2 b5 44. Bf3 b4 45. axb4 axb4 46. Bd1
Ke7 47. Bb3 Rc5 48. Ba2 Ra5 49. Bb3 f5 50. Kd3 Kd6 51. Kd2 Ra1 52. Bd1 Kc5 53.
Kc2 d4 54. exd4+ Kxd4 55. Kd2 Ke4 56. Bb3 Rh1 57. Bf7 Rxh4 58. Bxg6 Rh2+ 59.
Kc1 Kxf4 60. Bf7 Kxg5 0-1

[Event "ICS rated standard match"]
[Site "204.178.125.65"]
[Date "2000.04.02"]
[Round "?"]
[White "Hossa"]
[Black "caralva"]
[Result "1-0"]
[WhiteElo "2327"]
[BlackElo "2069"]
[PlyCount "33"]

1. e4 c5 2. Nf3 e6 3. d4 cxd4 4. Nxd4 a6 5. Nc3 Qc7 6. Be2 Nf6 7. O-O b5 8. Bf3
Bb7 9. e5 Nd5 10. Nxd5 exd5 11. Nf5 g6 12. Nd6+ Bxd6 13. exd6 Qxd6 14. Re1+ Kd8
15. Qd4 f6 16. Bf4 Nc6 17. Qb6+ 1-0

[Event "ICS rated standard match"]
[Site "204.178.125.65"]
[Date "2000.04.02"]
[Round "?"]
[White "star"]
[Black "Hossa"]
[Result "1-0"]
[WhiteElo "2568"]
[BlackElo "2328"]
[PlyCount "159"]

1. e4 c5 2. Nf3 d6 3. d4 cxd4 4. Nxd4 Nf6 5. Nc3 g6 6. Be3 Bg7 7. f3 O-O 8. Bc4
Qc7 9. Qe2 a6 10. O-O Nc6 11. Nxc6 bxc6 12. Rad1 Nd7 13. Na4 a5 14. c3 Rb8 15.
Bd4 Ne5 16. Bxe5 Bxe5 17. f4 Bg7 18. b3 Bd7 19. Qe3 c5 20. Nb2 Bg4 21. Rd3 Rfe8
22. f5 gxf5 23. exf5 a4 24. Nxa4 Rbd8 25. h3 Bh5 26. g4 Kh8 27. gxh5 Rg8 28.
Kf2 Bf6 29. Qf3 d5 30. Rxd5 Qh2+ 31. Ke1 Qxa2 32. Qe4 Bg5 33. Nxc5 Bd2+ 34. Kf2
Bxc3+ 35. Be2 Qa8 36. Rfd1 Qb8 37. Bg4 Rxd5 38. Rxd5 Qh2+ 39. Kf1 h6 40. Rd7
Bf6 41. b4 Bh4 42. Nd3 Qa2 43. Qe5+ Bf6 44. Qc5 Qh2 45. Qc6 Rb8 46. Qg2 Qxg2+
47. Kxg2 Kg7 48. Rc7 Rd8 49. Nc5 Rd4 50. b5 Rb4 51. Rb7 Bg5 52. Kf3 Rf4+ 53.
Ke2 Rb4 54. Kd3 Bf6 55. Nd7 Rd4+ 56. Ke3 Rb4 57. Nxf6 Kxf6 58. b6 e5 59. fxe6
fxe6 60. Rb8 Ke5 61. b7 Rb3+ 62. Kf2 Kd6 63. Bf3 Rb2+ 64. Kg3 Ke5 65. Rf8 Kd4
66. b8=Q Rxb8 67. Rxb8 Kc5 68. Rd8 e5 69. Rd7 Kc4 70. Kf2 Kb4 71. Rd6 Kc3 72.
Rxh6 e4 73. Bxe4 Kd4 74. Re6 Kc3 75. h6 Kd4 76. h7 Kc4 77. h8=Q Kb3 78. Qd4 Ka2
79. Rb6 Ka3 80. Qa1# 1-0

[Event "ICS rated blitz match"]
[Site "204.178.125.65"]
[Date "2000.04.02"]
[Round "?"]
[White "Hossa"]
[Black "sarkasm"]
[Result "1/2-1/2"]
[WhiteElo "2387"]
[BlackElo "2424"]
[PlyCount "59"]

1. e4 e6 2. d4 d5 3. Nc3 Nf6 4. Bg5 dxe4 5. Nxe4 Be7 6. Bxf6 Bxf6 7. Nf3 O-O 8.
Qd2 b6 9. Nxf6+ Qxf6 10. O-O-O Bb7 11. Ne5 Rd8 12. Qe3 Nd7 13. f4 c5 14. Rd2
cxd4 15. Rxd4 Nxe5 16. fxe5 Qe7 17. Rg4 Rac8 18. Bd3 g6 19. Rf1 Qc5 20. Qf4
Rxd3 21. Qxf7+ Kh8 22. Qf6+ Kg8 23. Qxe6+ Kh8 24. Qf6+ Kg8 25. Rxg6+ hxg6 26.
Qxg6+ Kh8 27. Qh6+ Kg8 28. Qg6+ Kh8 29. Qh6+ Kg8 30. Qg6+ 1/2-1/2

[Event "ICS rated blitz match"]
[Site "204.178.125.65"]
[Date "2000.04.02"]
[Round "?"]
[White "sarkasm"]
[Black "Hossa"]
[Result "1/2-1/2"]
[WhiteElo "2390"]
[BlackElo "2387"]
[PlyCount "48"]

1. e4 e5 2. Nf3 Nc6 3. Bb5 a6 4. Ba4 Nf6 5. O-O Be7 6. Re1 b5 7. Bb3 O-O 8. c3
d5 9. exd5 Nxd5 10. d3 Bf6 11. Nbd2 Nf4 12. Ne4 Nxd3 13. Nxf6+ gxf6 14. Re3
Nxc1 15. Qxc1 Be6 16. Nh4 Kh8 17. Rg3 Bxb3 18. axb3 Qd6 19. Qh6 Rg8 20. Nf5 Qe6
21. Ng7 Qe7 22. Nf5 Qe6 23. Ng7 Qe7 24. Nf5 Qe6 1/2-1/2

[Event "ICS rated blitz match"]
[Site "204.178.125.65"]
[Date "2000.04.02"]
[Round "?"]
[White "janderson"]
[Black "Hossa"]
[Result "1-0"]
[WhiteElo "2279"]
[BlackElo "2387"]
[PlyCount "97"]

1. e4 e5 2. Nf3 Nc6 3. Bb5 Nf6 4. Nc3 a6 5. Bxc6 dxc6 6. Nxe5 Nxe4 7. Nxe4 Qd4
8. O-O Qxe5 9. Re1 Be6 10. d4 Qd5 11. Ng5 O-O-O 12. Nxe6 fxe6 13. c3 c5 14. Qg4
cxd4 15. cxd4 Qxd4 16. Qxe6+ Kb8 17. Bg5 Bc5 18. Bxd8 Qxf2+ 19. Kh1 Rxd8 20.
Rad1 Rxd1 21. Rxd1 Qxb2 22. Qg8+ Ka7 23. Qxh7 Qxa2 24. Qxg7 Qe2 25. Rc1 Kb8 26.
Qg8+ Ka7 27. Qc4 Qxc4 28. Rxc4 b6 29. g4 Kb7 30. g5 Ba3 31. Kg2 Bb2 32. h4 c5
33. h5 Kc6 34. h6 Kd6 35. g6 b5 36. Rc2 Be5 37. g7 c4 38. g8=Q Kc5 39. Re2 Ba1
40. Qc8+ Kb4 41. Qxa6 Bh8 42. Qd6+ Kb3 43. Qb8 Kb4 44. Qxh8 Kc5 45. Qf8+ Kd4
46. Qd6+ Kc3 47. Ra2 b4 48. Qd2+ Kb3 49. Qb2# 1-0

[Event "ICS rated blitz match"]
[Site "204.178.125.65"]
[Date "2000.04.02"]
[Round "?"]
[White "Hossa"]
[Black "buzdovan"]
[Result "1-0"]
[WhiteElo "2366"]
[BlackElo "2042"]
[PlyCount "71"]

1. d4 c6 2. c4 d5 3. cxd5 cxd5 4. Nf3 Nf6 5. Nc3 Nc6 6. Bf4 Bf5 7. e3 e6 8. Be2
Bd6 9. Bxd6 Qxd6 10. Bb5 O-O 11. Bxc6 bxc6 12. Ne5 Nd7 13. Nxd7 Qxd7 14. f3
Rfb8 15. b3 Qe7 16. O-O e5 17. Rc1 Re8 18. Na4 exd4 19. exd4 Qe3+ 20. Kh1 Bd3
21. Rc3 Qe2 22. Qxd3 Qxa2 23. Rc2 Qa3 24. Rxc6 Rab8 25. Nc5 Qa2 26. Ra6 Qb2 27.
Rxa7 Re2 28. Rb1 Rbe8 29. Raa1 Qd2 30. Qxd2 Rxd2 31. Rd1 Rb2 32. Kg1 h6 33.
Rab1 Ra2 34. Nd3 Re3 35. Nb4 Ra3 36. Nc2 1-0

[Event "ICS rated blitz match"]
[Site "204.178.125.65"]
[Date "2000.04.02"]
[Round "?"]
[White "Bannon"]
[Black "Hossa"]
[Result "0-1"]
[WhiteElo "2089"]
[BlackElo "2370"]
[PlyCount "104"]

1. e4 e5 2. Nf3 Nc6 3. Bb5 a6 4. Ba4 Nf6 5. d3 d6 6. O-O b5 7. Bb3 Na5 8. a4
Nxb3 9. cxb3 Bg4 10. Nc3 bxa4 11. Rxa4 Be7 12. Bg5 O-O 13. h3 Bd7 14. Ra1 Re8
15. Bxf6 Bxf6 16. Nd5 Bb5 17. b4 c6 18. Nc3 Qd7 19. Re1 Qc7 20. Qd2 Rab8 21.
Ra5 Qd7 22. Rea1 Bd8 23. R5a2 Bb6 24. b3 f5 25. exf5 Qxf5 26. Ne4 Red8 27. Rxa6
Bxa6 28. Rxa6 Qd7 29. Qg5 Rf8 30. Qg4 Qxg4 31. hxg4 d5 32. Ng3 Rfe8 33. Nf5 e4
34. dxe4 Rxe4 35. g5 Re2 36. N3d4 Re1+ 37. Kh2 Bxd4 38. Nxd4 Rxb4 39. Nxc6 Rxb3
40. Ra5 Rc3 41. Nb4 Re4 42. Na2 Rh4+ 43. Kg1 Rc2 44. g3 Rg4 45. Kg2 g6 46. Kf3
Rxg5 47. Nb4 Rf5+ 48. Ke3 Rcxf2 49. Nxd5 R5f3+ 50. Ke4 Rxg3 51. Ra7 Rf7 52.
Ra8+ Kg7 0-1